Countries With The Most Cities - Statistics

General Stats
  • This quiz has been taken 46 times
  • The average score is 15 of 17
Answer Stats
Amount Answer % Correct
213 Brazil
97%
360 China
97%
396 India
97%
201 Russia
97%
95 United Kingdom
97%
300 United States
97%
97 Germany
95%
121 Indonesia
92%
122 Mexico
92%
59 Pakistan
92%
60 Iran
89%
191 Japan
89%
88 Spain
89%
76 Turkey
86%
51 Canada
81%
80 Nigeria
76%
88 Philipines
14%
No matching quizzes found
Score Distribution
Percent of People with Each Score
Percentile by Number Answered
Your Score History
You have not taken this quiz